Statistics for Random Czech Words #2

Click here to take the quiz!

General Stats

  • This quiz has been taken 197 times
    (108 since last reset)
  • The average score is 19 of 24

Answer Stats

Czech English % Correct
ahojhello
98%
autocar
98%
vodawater
94%
poštapost (office), mail
91%
žirafagiraffe
88%
sedmseven
87%
bratrbrother
86%
kamarádfriend
86%
korunacrown
86%
princeznaprincess
86%
NorskoNorway
85%
rýžerice
80%
hostitelhost
80%
VenušeVenus
77%
kytaraguitar
77%
tabáktobacco
74%
plážbeach
71%
miliardabillion
70%
drakdragon
65%
hostguest
61%
džínyjeans
60%
románnovel
58%
římanRoman
56%
bobrbeaver
49%

Score Distribution

Percentile by Number Answered

Percent of People with Each Score

Your Score History

You have not taken this quiz since the last reset